000 01467nam a2200277 a 4500
999 _c12320
_d12320
001 12320
003 BD-JhCC
005 20211023124820.0
008 211023s2017 bg |||| |||| 000 0 ben d
020 _a9789849039174
035 _a(BD-JhCC)12320
040 _aBD-JhCC
_dBD-JhCC
041 _aben
082 _a953.02092
_bTAN 2017
100 _aতানতাভী, আলী
245 _aহযরত উমর ইবনুল খাত্তাব রাযি.- এর জীবনকথা /
_cআলী তানতাভী ও নাজী তানতাভী সম্পাদনায় মাওলানা আবুল ফাতাহ মুহাম্মদ ইয়াহইয়া এবং আবু নাঈম মুহাম্মদ সাজিদ (অনু.)
260 _aঢাকা :
_bমাকতাবাতুত তাকওয়া,
_c২০১৭ ।
300 _a৭৫২ পৃ. :
_c২১ সেমি.
504 _aপ্রত্যেক পেইজের নিচে গ্রন্থপঞ্জি অর্ন্তভূক্ত।
600 _aUmar ibn al-Khaṭṭāb, Caliph,
_d-644
650 _aIslamic Empire
700 _aতানতাভী, নাজী
700 _aইয়াহইয়া, মাওলানা আবুল ফাতাহ মুহাম্মদ
700 _aসাজিদ, আবু নাঈম মুহাম্মদ
942 _2ddc
_cBK